|
|
|
|
| LEADER |
00000nam0a2200000 4500 |
| 001 |
88574 |
| 005 |
20231031102701.0 |
| 010 |
|
|
|a 5829106167
|
| 010 |
|
|
|a 5-902357-33-0
|
| 035 |
|
|
|a (RuTPU)RU\TPU\book\95058
|
| 090 |
|
|
|a 88574
|
| 100 |
|
|
|a 20051227d2005 m y0rusy50 ca
|
| 101 |
0 |
|
|a rus
|
| 102 |
|
|
|a RU
|
| 105 |
|
|
|a a j 001zy
|
| 200 |
1 |
|
|a Курс статистической физики и термодинамики
|e учебник для вузов
|f С. Б. Московский
|g Ярославский государственный педагогический университет им. К. Д. Ушинского
|
| 210 |
|
|
|a Москва
|c Академический проект
|c Фонд "Мир"
|d 2005
|
| 215 |
|
|
|a 317 с.
|c ил.
|
| 225 |
1 |
|
|a Gaudeamus
|
| 225 |
1 |
|
|a Учебник для вузов
|
| 320 |
|
|
|a Библиогр.: с. 309.
|
| 320 |
|
|
|a Алфавитный указатель: с. 310-313.
|
| 330 |
|
|
|a Книга представляет собой учебник по разделу «Статистическая физика и термодинамика» курса теоретической физики для студентов физических факультетов классических и педагогических университетов. Изложенный материал удовлетворяет требованиям, предъявляемым Государственными стандартами высшего профессионального образования по физическим специальностям и направлениям. Может также использоваться в качестве учебного пособия студентами ряда технических специальностей.
|
| 610 |
1 |
|
|a статистическая физика
|
| 610 |
1 |
|
|a термодинамика
|
| 610 |
1 |
|
|a равновесные статистические распределения
|
| 610 |
1 |
|
|a статистическая термодинамика
|
| 610 |
1 |
|
|a фазовые переходы
|
| 610 |
1 |
|
|a идеальные газы
|
| 610 |
1 |
|
|a реальные газы
|
| 610 |
1 |
|
|a вырожденные идеальные газы
|
| 610 |
1 |
|
|a флуктуации
|
| 610 |
1 |
|
|a неравновесные процессы
|
| 610 |
1 |
|
|a учебники
|
| 675 |
|
|
|a 531.19(075.8)
|v 3
|
| 675 |
|
|
|a 536.7(075.8)
|v 3
|
| 700 |
|
1 |
|a Московский
|b С. Б.
|g Сергей Борисович
|
| 712 |
0 |
2 |
|a Ярославский государственный педагогический университет им. К. Д. Ушинского
|2 stltpush
|3 (RuTPU)RU\TPU\col\8581
|
| 801 |
|
1 |
|a RU
|b 63413507
|c 20051227
|g PSBO
|
| 801 |
|
2 |
|a RU
|b 63413507
|c 20060330
|g PSBO
|
| 900 |
|
|
|a Физика
|
| 900 |
|
|
|a Термодинамика
|
| 942 |
|
|
|c BK
|
| 951 |
|
|
|b 010701
|
| 959 |
|
|
|a 118/20051223
|d 1
|e 97,79
|f НФ:1
|